The Pentateuch and Haftorahs : hebrew text, English translation and commentary (Record no. 36144)

MARC details
000 -LEADER
fixed length control field 00477nam a2200181Ia 4500
020 ## - INTERNATIONAL STANDARD BOOK NUMBER
ISBN 0900689218
050 ## - CALL MARK
Classification number BS 1223 .H47/
245 #4 - TITLE STATEMENT
Title The Pentateuch and Haftorahs : hebrew text, English translation and commentary
250 ## - EDITION / VOLUME STATEMENT
Edition / Volume statement 2nd ed.
260 ## - PUBLICATION, DISTRIBUTION, ETC. (IMPRINT)
Place of publication London
260 ## - PUBLICATION, DISTRIBUTION, ETC. (IMPRINT)
Name of publisher Soncino Press
260 ## - PUBLICATION, DISTRIBUTION, ETC. (IMPRINT)
Year of publication 1981
300 ## - PHYSICAL DESCRIPTION
Number of Pages 990 p
650 ## - SUBJECT ADDED ENTRY--TOPICAL TERM
Topical Term Bible. Pentateuch--Commentaries.
942 ## - ADDED ENTRY ELEMENTS (KOHA)
Koha item type Books
Holdings
Withdrawn status Lost status Source of classification or shelving scheme Damaged status Not for loan Permanent Location Current Location Date acquired Accession Number Price effective from Koha item type
    Library of Congress Classification     NILE UNIVERSITY OF NIGERIA - MAIN LIBRARY NILE UNIVERSITY OF NIGERIA - MAIN LIBRARY 04/23/2025 0006219 04/23/2025 Books